| 000 | 01075nam a22001937a 4500 | ||
|---|---|---|---|
| 003 | OSt | ||
| 005 | 20251117141537.0 | ||
| 008 | 251117b |||||||| |||| 00| 0 eng d | ||
| 040 | _cDCL | ||
| 082 | _a၂၉၄.၃၈၂၃၅၃ | ||
| 130 |
_aတိပိဋက။ _pသုတ္တန္တပိဋက။ _pခုဒ္ဒကနိကာယ။ _tဇာတက၊ _lအဋ္ဌကထာ၊ _sနိဿယ။ |
||
| 245 |
_aဇာတကအဋ္ဌကထာနိဿယ (ဧကာကနိပါတ်)၊ _nဒုတိယတွဲ / _bဘဒ္ဒန္တကောဝိဒါဘိဝံသ။ |
||
| 264 |
_aရန်ကုန် ၊ _bသာသနာရေးဦးစီး၊ _c၂၀၁၅။ |
||
| 300 |
_aဇ၊ ၆၇၆ စာမျက်နှာ ၊ _c၂၆ စင်တီ။ |
||
| 650 |
_aဇာတက _vအဋ္ဌကထာနိဿယ။ |
||
| 650 |
_aဧကာကနိပါတ် _xအဋ္ဌကထာနိဿယ။ |
||
| 700 | _aကောဝိဒါဘိဝံသ၊ ဘဒ္ဒန္တ | ||
| 942 |
_2ddc _cSHORT TERM _n0 |
||
| 999 |
_c2503 _d2503 |
||